Matematický model aerodynamiky prúdenia v spaľovacej komore kotla. /

Enregistré dans:
Détails bibliographiques
Auteur principal: Škopík, Eduard (Auteur)
Format: Manuscrit Livre
Publié: Bratislava : SVŠT v Bratislave SjF, 1987
Tags: Ajouter un tag
Pas de tags, Soyez le premier à ajouter un tag!

MARC

LEADER 00000ntm a22000003a 4500
001 stu47892
005 20150617225711.3
008 ------s1987----cs----------------------d
040 |a STU  |b slo 
041 0
044 |a cs 
080 |a 510.6 
080 |a 532.529 
080 |a 621.18 
100 1 |a Škopík, Eduard  |4 aut 
245 1 |a Matematický model aerodynamiky prúdenia v spaľovacej komore kotla. /  |c [aut.] Škopík,Eduard 
260 |a Bratislava :  |b SVŠT v Bratislave SjF,  |c 1987 
300 |a 90 s 
996 |b J80150  |c J*80150/DIZ.  |l JJSK  |s A  |a 24  |w stu47892_0001